Classifica Marcatori Villarreal All-Time - Statistics

Statistiche generali
  • Questo quiz è stato fatto 4 volte
  • Il punteggio medio è 5 su 10
Statistiche sulle risposte
Gol Nazione Calciatore % Corretto
43 Colombia Carlos Bacca
100%
59 Uruguay Diego Forlán
100%
117 Spagna Gerard Moreno
100%
47 Francia /Repubblica Democratica del Congo Cédric Bakambu
75%
82 Italia Giuseppe Rossi
75%
45 Argentina Juan Román Riquelme
25%
38 Spagna Manu Trigueros
25%
37 Nigeria Samuel Chukwueze
0%
57 Spagna Santi Cazorla
0%
42 Spagna Víctor Fernández
0%
Nessun quiz corrispondente trovato
Distribuzione punteggi
Percentuale di utenti per punteggio
Percentile per numero di risposta
I tuoi punteggi nel tempo
Non hai fatto questo quiz